[Event "Villa Roja de Artemisa tt"]
[Site "Artemisa"]
[Date "2018.06.20"]
[Round "2.2"]
[White "Guerra Luaces, Fernando"]
[Black "Medina Reyes, Ronald"]
[Result "1/2-1/2"]
[WhiteElo "1982"]
[BlackElo "1963"]
[PlyCount "113"]
[EventDate "2018.06.20"]
[EventType "team-tourn"]
[EventRounds "9"]
[EventCountry "CUB"]
[SourceTitle "EXT 2021"]
[Source "ChessBase"]
[SourceDate "2020.10.23"]
[SourceVersion "1"]
[SourceVersionDate "2020.10.23"]
[SourceQuality "1"]

1. e4 c5 2. Nf3 d6 3. d4 cxd4 4. Qxd4 Nf6 5. Nc3 e5 6. Bb5+ Bd7 7. Qd3 a6 8. Bxd7+ Nbxd7 9. Bg5 Be7 10. Bxf6 Nxf6 11. 0-0-0 Rc8 12. Nd2 b5 13. a3 0-0 14. Nf1 Qa5 15. Ne3 b4 16. axb4 Qa1+ 17. Nb1 Rfd8 18. f3 Qa4 19. Qa3 Qc6 20. Nc3 Qb6 21. Ned5 Nxd5 22. Nxd5 Bg5+ 23. Kb1 Qf2 24. Qd3 Rb8 25. Rdf1 Qa7 26. h4 Be7 27. f4 exf4 28. Rxf4 Rb7 29. h5 Bg5 30. Rf5 h6 31. Rhf1 Rdb8 32. R5f3 a5 33. c3 axb4 34. Nxb4 Ra8 35. Qc4 Rc7 36. Qd5 Bf6 37. Qa2 Qb7 38. Qd5 Qa7 39. Qa2 Qb8 40. Qd5 Rc5 41. Qd2 Ra4 42. Nd5 Bg5 43. Qd3 Qa7 44. Ne3 Rc7 45. Nc2 Rb7 46. Qd5 Bf6 47. Nb4 Ra5 48. Qc6 Rc7 49. Qe8+ Kh7 50. Nd5 Rb7 51. Nb4 Qc5 52. Rf5 Qb6 53. Rxa5 Qxa5 54. Qc8 Ra7 55. Qf5+ Kg8 56. Qc8+ Kh7 57. Qf5+ 1/2-1/2

[Event "Capablanca Memorial U15 2nd"]
[Site "Havana"]
[Date "2018.05.15"]
[Round "3"]
[White "Salazar Gould, Melannie"]
[Black "Guerra Luaces, Fernando"]
[Result "0-1"]
[WhiteElo "1800"]
[BlackElo "1933"]
[PlyCount "88"]
[EventDate "2018.05.14"]
[EventType "swiss"]
[EventRounds "7"]
[EventCountry "CUB"]
[SourceTitle "EXT 2021"]
[Source "ChessBase"]
[SourceDate "2020.10.23"]
[SourceVersion "1"]
[SourceVersionDate "2020.10.23"]
[SourceQuality "1"]

1. e4 c5 2. Nc3 Nc6 3. f4 e6 4. Bb5 Nge7 5. Nf3 a6 6. Bxc6 Nxc6 7. 0-0 Be7 8. d3 0-0 9. Qe1 d5 10. e5 b5 11. Qg3 Kh8 12. a4 b4 13. Ne2 Bb7 14. Ng5 Bxg5 15. fxg5 d4 16. Rf2 Qd5 17. Bf4 Ne7 18. Re1 Nf5 19. Qh3 Qa2 20. b3 Qxc2 21. Nxd4 Qc3 22. Nxf5 Qxe1+ 23. Rf1 Qc3 24. Nxg7 Kxg7 25. g6 fxg6 26. Bh6+ Kh8 27. Bxf8 Qd4+ 28. Kh1 Qxe5 29. Be7 Qe2 30. Rg1 Qe5 31. Qh4 Qf5 32. Qc4 Rc8 33. d4 cxd4 34. Qxd4+ e5 35. Qd1 Qe4 36. Qf1 Kg8 37. Qd1 a5 38. h3 Qf5 39. Kh2 Qf4+ 40. Kh1 Rc3 41. Qd8+ Kg7 42. Qd7 Bxg2+ 43. Rxg2 Rc1+ 44. Rg1 Qf3+ 0-1

[Event "Artemisa Inder Anivers"]
[Site "Artemisa"]
[Date "2018.02.21"]
[Round "3.3"]
[White "Sierra Cartaya, Ana Barbara"]
[Black "Guerra Luaces, Fernando"]
[Result "1-0"]
[WhiteElo "2006"]
[BlackElo "2003"]
[PlyCount "115"]
[EventDate "2018.02.20"]
[EventType "team-tourn"]
[EventRounds "10"]
[EventCountry "CUB"]
[SourceTitle "EXT 2021"]
[Source "ChessBase"]
[SourceDate "2020.10.23"]
[SourceVersion "1"]
[SourceVersionDate "2020.10.23"]
[SourceQuality "1"]
[WhiteTeam "Mayabeque"]
[BlackTeam "San Antonio de los Banos"]
[WhiteTeamCountry "CUB"]
[BlackTeamCountry "CUB"]

1. e4 c5 2. Nf3 d6 3. d3 Nc6 4. g3 Nf6 5. Bg2 e6 6. Nbd2 Be7 7. 0-0 0-0 8. Re1 Qc7 9. Nf1 d5 10. e5 Nd7 11. Bf4 b5 12. h4 Re8 13. Ne3 Nf8 14. h5 Bb7 15. Ng4 Qd8 16. Qd2 Nd7 17. h6 g6 18. Bg5 Rb8 19. Qf4 Bxg5 20. Nxg5 Qe7 21. Re3 Nd4 22. Rc1 Ba8 23. c3 Nf5 24. Re2 b4 25. Ne3 bxc3 26. Nxf5 exf5 27. bxc3 Rb6 28. Rce1 Nf8 29. Qc1 Reb8 30. Qf4 Ne6 31. Nxe6 Qxe6 32. Qa4 a6 33. Qa3 Rc8 34. Rb2 Rxb2 35. Qxb2 g5 36. Qa3 f4 37. Qa4 Re8 38. Bh3 Qe7 39. e6 f6 40. gxf4 gxf4 41. Qxf4 Kh8 42. Kh2 d4 43. cxd4 cxd4 44. Rg1 Rg8 45. Rxg8+ Kxg8 46. Qb8+ Qf8 47. Qxf8+ Kxf8 48. Bf5 Kg8 49. Kg3 Bd5 50. a3 Kf8 51. e7+ Kxe7 52. Bxh7 Kf7 53. Kf4 a5 54. Be4 Be6 55. Bc6 Kg6 56. Ke4 Kxh6 57. Kxd4 Kg5 58. Kc5 1-0